| 000 | 02062cam a2200433 4500 | ||
|---|---|---|---|
| 001 | 14065 | ||
| 003 | http://catalogue.bnf.fr/ark:/12148/cb47697042z | ||
| 005 | 20260401185249.0 | ||
| 010 |
_a9782846817752 _d17 EUR |
||
| 020 |
_aFR _b02524847 |
||
| 073 | 0 | _a9782846817752 | |
| 090 | _a14065 | ||
| 099 | _o0 | ||
| 100 | _a20250402d2025 m y0frey50 ba | ||
| 101 | 0 | _afre | |
| 102 | _aFR | ||
| 105 | _a||||z 00|a| | ||
| 181 | 0 |
_601 _ai _bxxxe |
|
| 181 |
_602 _ctxt _2rdacontent |
||
| 182 | 0 |
_601 _an |
|
| 182 |
_602 _cn _2rdamedia |
||
| 200 | 1 |
_aPortrait de famille, une histoire des Atrides _bTexte imprimé |
|
| 214 | 0 |
_cles Solitaires intempestifs _dDL 2025 |
|
| 214 | 3 | _cImpr. Présence graphique | |
| 214 | 0 | _aBesançon | |
| 214 | 3 | _a37-Monts | |
| 215 | _a1 vol. (188 p.) | ||
| 215 | _d20 cm | ||
| 305 | _aCréation : Paris (fr) : Conservatoire national supérieur d'art dramatique, 20231216 | ||
| 323 | _a20 personnages et plus | ||
| 330 | _aCette famille dont il est brossé le portrait, c est celle des Atrides. Son histoire se déploie le temps d un voyage haletant à travers toute la guerre de Troie, jusqu au retour à Argos. Formidable machine à jeu, le destin des Atrides présente une matière hors norme : figures démesurées, liste délirante de crimes, souffle épique et accents tragi-comiques est le défi relevé par Jean-François Sivadier. Marqués par un principe de prédation « tuer ou être tué » ses protagonistes s échappent des textes classiques pour incarner et faire résonner aujourd hui les paroles de cette famille mythique et maudite. | ||
| 610 | _amythologie | ||
| 620 | 2 |
_dParis _afr _eConservatoire national supérieur d'art dramatique _f20231216 |
|
| 686 |
_a802 _2Cadre de classement de la Bibliographie nationale française |
||
| 700 |
_aSivadier _bJean-François _f1963-.... |
||
| 700 |
_314655425 _oISNI0000000398571794 _4070 |
||
| 801 | 0 |
_aFR _bFR-751131015 _c20250402 _gAFNOR _hFRBNF476970420000008 |
|
| 856 | 2 |
_u1021493 _bPremière de couverture |
|
| 856 | 2 |
_u1021494 _bQuatrième de couverture |
|